|
|
|
|
| LEADER |
00000nam0a2200000 4500 |
| 001 |
88638 |
| 005 |
20231031102714.0 |
| 035 |
|
|
|a (RuTPU)RU\TPU\book\95122
|
| 090 |
|
|
|a 88638
|
| 100 |
|
|
|a 20051228d1985 m y0rusy50 ca
|
| 101 |
1 |
|
|a rus
|c eng
|
| 102 |
|
|
|a RU
|
| 105 |
|
|
|a a z 001zy
|
| 200 |
1 |
|
|a Пространство-время, геометрия, космология
|e пер. с англ.
|f У. Бёрке
|g под ред. Д. В. Гальцова
|
| 210 |
|
|
|a Москва
|c Мир
|d 1985
|
| 215 |
|
|
|a 416 с.
|c ил.
|
| 320 |
|
|
|a Библиогр.: с. 403-405
|
| 320 |
|
|
|a Предметный указатель: с. 405-409
|
| 610 |
1 |
|
|a геометрия
|
| 610 |
1 |
|
|a космология
|
| 610 |
1 |
|
|a пространство
|
| 610 |
1 |
|
|a теория относительности
|
| 610 |
1 |
|
|a гравитация
|
| 675 |
|
|
|a 530.12
|v 3
|
| 675 |
|
|
|a 524.8
|v 3
|
| 700 |
|
1 |
|a Бёрке
|b У.
|
| 702 |
|
1 |
|a Гальцов
|b Д. В.
|4 340
|
| 801 |
|
1 |
|a RU
|b 63413507
|c 20051228
|g PSBO
|
| 801 |
|
2 |
|a RU
|b 63413507
|c 20060201
|g PSBO
|
| 942 |
|
|
|c BK
|